|
|
|
|
| LEADER |
00615cam a2200145 7i4500 |
| 001 |
0000013195 |
| 005 |
20040114090000.0 |
| 022 |
0 |
0 |
|a 9280506404
|
| 090 |
0 |
0 |
|a B 382.9
|b AGR
|
| 245 |
0 |
0 |
|a Agreement on Trade-Related Aspects of Intellectual Property Rights (TRIPS Agreement) (1994) :
|b Agreement between the World Intellectual Property Organization the World Trade Organization (1995).
|
| 260 |
0 |
0 |
|a Geneva:
|b World Intellectual Property Organization,
|c 1996.
|
| 300 |
# |
# |
|a 166 p.
|
| 650 |
0 |
0 |
|a Intellectual property rights
|
| 651 |
0 |
0 |
|a Intellectual property --
|x Agreements
|
| 999 |
|
|
|a 0000012130
|b Book
|c Book
|e Business Information Centre
|